000 00326nam a22001457a 4500
008 221011b ||||| |||| 00| 0 eng d
020 _a73114595
041 _aeng
080 _2SECOND EDITION
_a611
082 _a611 REI
100 _a15.1
101 _aHIS
245 _aDESCRIPTIVE HISTOLOGY
_cREITH E
942 _2udc
_cBK
999 _c58473
_d58473